[Event "CHN-chT2"]
[Site "Jiangmen"]
[Date "2018.07.16"]
[Round "10.2"]
[White "Muzychuk, Mariya"]
[Black "Dong, Jingyan"]
[Result "1-0"]
[WhiteElo "2521"]
[BlackElo "1690"]
[PlyCount "55"]
[EventDate "2018.07.10"]
[EventType "team-swiss"]
[EventRounds "11"]
[EventCountry "CHN"]
[SourceTitle "EXT 2019"]
[Source "ChessBase"]
[SourceDate "2018.10.10"]
[SourceVersion "1"]
[SourceVersionDate "2018.10.10"]
[SourceQuality "1"]
[WhiteTeam "Chongqing Kowloon Kylin"]
[BlackTeam "Shandong Chess and Cards"]
[WhiteTeamCountry "CHN"]
[BlackTeamCountry "CHN"]

1. e4 e6 2. d4 d5 3. Nc3 Bb4 4. Nge2 Ne7 5. a3 Bxc3+ 6. Nxc3 b6 7. Bd3 Bb7 8. e5 a6 9. Qg4 Ng6 10. h4 f5 11. exf6 Qxf6 12. Bg5 Qf7 13. 0-0 Nd7 14. Rae1 Ndf8 15. f4 Ne7 16. f5 0-0-0 17. fxe6 Qe8 18. Bxe7 Qxe7 19. Rf7 Qd6 20. e7+ Nd7 21. exd8Q+ Rxd8 22. Rxd7 Qxd7 23. Bf5 Bc6 24. Re7 g6 25. Bxd7+ Bxd7 26. Qf4 c6 27. Na4 Kb7 28. Qd6 1-0

[Event "CHN-chT2"]
[Site "Jiangmen"]
[Date "2018.07.10"]
[Round "2.3"]
[White "Dong, Jingyan"]
[Black "Luong, Phuong Hanh"]
[Result "0-1"]
[WhiteElo "1690"]
[BlackElo "2141"]
[PlyCount "70"]
[EventDate "2018.07.10"]
[EventType "team-swiss"]
[EventRounds "11"]
[EventCountry "CHN"]
[SourceTitle "EXT 2019"]
[Source "ChessBase"]
[SourceDate "2018.10.10"]
[SourceVersion "1"]
[SourceVersionDate "2018.10.10"]
[SourceQuality "1"]
[WhiteTeam "Shandong Chess and Cards"]
[BlackTeam "Qingdao Qingwei"]
[WhiteTeamCountry "CHN"]
[BlackTeamCountry "CHN"]

1. e4 c5 2. Nc3 g6 3. g3 Bg7 4. Bg2 Nc6 5. Nge2 Nf6 6. d3 0-0 7. Be3 d6 8. Qd2 Ng4 9. Bf4 e5 10. Be3 Nxe3 11. Qxe3 h5 12. 0-0-0 Kh7 13. Kb1 Nd4 14. h3 Be6 15. g4 Bh6 16. f4 Nxe2 17. Nxe2 Qa5 18. a3 b5 19. g5 exf4 20. Qxf4 Bg7 21. Qd2 b4 22. e5 Rab8 23. Nf4 Bxe5 24. Nxe6 fxe6 25. Rhf1 Bxb2 26. Rxf8 Qxa3 27. Rf7+ Kg8 28. Rxa7 Qxa7 29. Kxb2 Qa3+ 30. Kb1 b3 31. c3 b2 32. Qe2 Qa1+ 33. Kc2 b1Q+ 34. Rxb1 Qa2+ 35. Kc1 Rxb1# 0-1

[Event "CHN-chT (Women)"]
[Site "Hangzhou"]
[Date "2018.06.21"]
[Round "4.6"]
[White "Dong, Jingyan"]
[Black "Rui, Yueyue"]
[Result "1/2-1/2"]
[WhiteElo "1680"]
[BlackElo "1231"]
[PlyCount "63"]
[EventDate "2018.06.19"]
[EventType "team-swiss"]
[EventRounds "9"]
[EventCountry "CHN"]
[SourceTitle "CBM 185 Extra"]
[Source "ChessBase"]
[SourceDate "2018.07.29"]
[SourceVersion "1"]
[SourceVersionDate "2018.07.29"]
[SourceQuality "1"]
[WhiteTeam "Shandong (W)"]
[BlackTeam "Wuxi (W)"]
[WhiteTeamCountry "CHN"]
[BlackTeamCountry "CHN"]

1. e4 c5 2. Nc3 d6 3. g3 g6 4. Bg2 Bg7 5. Nge2 Nc6 6. d3 e6 7. 0-0 Nge7 8. Be3 Nd4 9. Rb1 Nec6 10. a3 a5 11. Qd2 0-0 12. Rfc1 Rb8 13. Bh6 b5 14. Bxg7 Kxg7 15. Nxd4 Nxd4 16. Ne2 Nxe2+ 17. Qxe2 b4 18. axb4 axb4 19. Qe3 Qf6 20. f4 e5 21. Rf1 exf4 22. Qxf4 Qxf4 23. Rxf4 f5 24. Rbf1 Bd7 25. exf5 Bxf5 26. h3 Be6 27. Rxf8 Rxf8 28. Rxf8 Kxf8 29. Kf2 Kf7 30. Ke3 h6 31. c3 bxc3 32. bxc3 1/2-1/2